| 000 | 00726nam a2200241Ia 4500 | ||
|---|---|---|---|
| 008 | |||
| 020 | _a0521636426 (pbk.) | ||
| 049 | _aMAIN | ||
| 090 | _aTA418.62CLO | ||
| 100 | 1 | _aCloud, Gary L. | |
| 245 | 1 | 0 |
_aOptical methods of engineering analysis / _cGary L. Cloud. |
| 260 |
_aCambridge : _bCambridge University Press, _c1998. |
||
| 300 |
_axii, 503 p. : _bill. ; _c26 cm. |
||
| 500 | _aIncludes index. | ||
| 504 | _aIncludes bibliographical references. | ||
| 650 | 0 | _aNon-destructive testing. | |
| 650 | 0 | _aHolographic interferometry. | |
| 907 |
_a.b10016752 _b30-08-06 _c17-04-03 |
||
| 003 | |||
| 005 | 20230123133131.0 | ||
| 040 | _cNUST | ||
| 942 |
_cBOOKS _kTA418.62CLO |
||
| 999 |
_c143326 _d143326 |
||